000 01439nam a2200301 i 4500
001 62525
003 ES-MaACL
005 20250730155719.0
007 t|
008 031121s1962 sp |||| |dspa d
100 1 _aFernández Flórez, Wenceslao,
_d1885-1964
_949790
245 1 0 _aAcotaciones de un oyente /
_cWenceslao Fernández Flórez.
260 _aMadrid :
_bPrensa Española,
_c1962.
300 _a2 v. (733 ; 759 p.) ;
_c22 cm.
490 1 _aLos tres dados
504 _aBibliografía: p. [663]-748 (v. 2)
505 8 _aContiene: 1. (1916-1921) Cortes de 1916: estudio preliminar / por Jesús Pabón . Anotaciones extraparlamentarias . Cortes de 1918: estudio preliminar . Cortes de 1919: estudio preliminar . Cortes de 1921: estudio preliminar / por Diego Sevilla Andrés - 2. (1931-1933) Cortes de 1931: estudio preliminar . Cortes de 1933: estudio preliminar / por Carlos Seco Serrano
595 _aEn colofón del v. 2: imp. en enero de 1963.
651 4 _aEspaña-
_xHistoria-
_y1902-1931, Alfonso XIII
_98276
651 4 _aEspaña-
_xHistoria-
_y1931-1939, II República.
_98283
651 0 _aEspaña-
_xPolítica y gobierno-
_y1902-1931
_9226938
700 1 _aPabón y Suárez de Urbina, Jesús,
_d1902-1976
_988103
700 1 _aSevilla Andrés, Diego.
_9105934
700 1 _aSeco Serrano, Carlos,
_d1923-2020
_9105054
830 1 _aLos tres dados
_9181533
852 _aES-MaACL
_jE-4259-60
999 _c62525
_d62525